<?xml version="1.0" encoding="UTF-8"?><?xml-stylesheet type="text/xsl" href="static/style.xsl"?><OAI-PMH xmlns="http://www.openarchives.org/OAI/2.0/" xmlns:xsi="http://www.w3.org/2001/XMLSchema-instance" xsi:schemaLocation="http://www.openarchives.org/OAI/2.0/ http://www.openarchives.org/OAI/2.0/OAI-PMH.xsd"><responseDate>2026-04-17T12:14:44Z</responseDate><request verb="GetRecord" identifier="oai:www.recercat.cat:2072/489061" metadataPrefix="marc">https://recercat.cat/oai/request</request><GetRecord><record><header><identifier>oai:recercat.cat:2072/489061</identifier><datestamp>2026-01-12T09:44:27Z</datestamp><setSpec>com_2072_300912</setSpec><setSpec>com_2072_4427</setSpec><setSpec>col_2072_301309</setSpec></header><metadata><record xmlns="http://www.loc.gov/MARC21/slim" xmlns:dcterms="http://purl.org/dc/terms/" xmlns:xsi="http://www.w3.org/2001/XMLSchema-instance" xmlns:doc="http://www.lyncode.com/xoai" xsi:schemaLocation="http://www.loc.gov/MARC21/slim http://www.loc.gov/standards/marcxml/schema/MARC21slim.xsd">
   <leader>00925njm 22002777a 4500</leader>
   <datafield ind2=" " ind1=" " tag="042">
      <subfield code="a">dc</subfield>
   </datafield>
   <datafield ind2=" " ind1=" " tag="720">
      <subfield code="a">Mateu-Campos, Juanjo</subfield>
      <subfield code="e">author</subfield>
   </datafield>
   <datafield ind2=" " ind1=" " tag="720">
      <subfield code="a">Gutiérrez-Blanco, María</subfield>
      <subfield code="e">author</subfield>
   </datafield>
   <datafield ind2=" " ind1=" " tag="720">
      <subfield code="a">Guillamón, Eva</subfield>
      <subfield code="e">author</subfield>
   </datafield>
   <datafield ind2=" " ind1=" " tag="720">
      <subfield code="a">Safont, Vicent S.</subfield>
      <subfield code="e">author</subfield>
   </datafield>
   <datafield ind2=" " ind1=" " tag="720">
      <subfield code="a">Benet-Buchholz, Jordi</subfield>
      <subfield code="e">author</subfield>
   </datafield>
   <datafield ind2=" " ind1=" " tag="720">
      <subfield code="a">Oliva, Mónica</subfield>
      <subfield code="e">author</subfield>
   </datafield>
   <datafield ind2=" " ind1=" " tag="720">
      <subfield code="a">Llusar, Rosa</subfield>
      <subfield code="e">author</subfield>
   </datafield>
   <datafield ind2=" " ind1=" " tag="260">
      <subfield code="c">2025-03-21</subfield>
   </datafield>
   <datafield ind2=" " ind1=" " tag="520">
      <subfield code="a">Methanolysis of hydrosilanes is catalyzed by incomplete cubane-type Mo3(μ3-S)(μ-S)3 clusters functionalized with diamino and imidazolyl amino ligands under mild conditions. Silane activation mediated by the air-stable [Mo3(μ3-S)(μ-S)3Cl3(ImNH2)3]Cl (ImNH2 = (1-methyl-1H-imidazol-2-yl)methanamine) ([3]Cl) cluster salt has been elucidated through a comprehensive experimental and theoretical study. Our results support the operation of a sulfur-centered mechanism without direct participation of the metals in clear contrast with all previously reported mechanisms catalyzed by transition metal complexes. The reaction proceeds in two steps, with the first one being the rate-determining step. The process starts with the hydrosilane Si–H bond activation, which occurs at one of the bridging sulfur atoms of the Mo3(μ3-S)(μ-S)3 cluster unit. This step takes place through a concerted and asynchronous transition state with the participation of one methanol molecule to yield the silyl ether product and a bis(hydrosulfido) intermediate. Analysis of this transition state reveals that its imaginary frequency is basically associated with the silane hydride transfer and the formation of the Si–O bond in agreement with the observed KIE results. The second step consists in the hydrogen release from the bis(hydrosulfido) intermediate, from which the cluster catalyst is recovered. The same mechanism operates for the diamino [Mo3S4Cl3(en)3]Cl (en = ethylenediamine) ([1]Cl) and [Mo3S4Cl3(dmen)3]+ (dmen = N,N′-dimethylethylenediamine) ([2]Cl) cluster salts. The calculated free energy barriers for those cluster catalysts agree with the observed catalytic activities, giving further support to our mechanistic proposal.</subfield>
   </datafield>
   <datafield ind1="8" ind2=" " tag="024">
      <subfield code="a">http://hdl.handle.net/2072/489061</subfield>
   </datafield>
   <datafield ind1="8" ind2=" " tag="024">
      <subfield code="a">https://doi.org/10.1021/acs.inorgchem.4c05438</subfield>
   </datafield>
   <datafield ind2="0" ind1="0" tag="245">
      <subfield code="a">Sulfur-Centered Mechanism in Catalytic Methanolysis of Hydrosilanes Mediated by Air-Stable Mo3S4 Clusters</subfield>
   </datafield>
</record></metadata></record></GetRecord></OAI-PMH>